How I Met Your Movie Character II Quiz Stats

Quiz Updated Jul 16, 2016

Challenge
Share
Tweet
Embed
Score 0/20 Timer 08:00
5 Plays Today
% Correct
Ferris Bueller (Ferris Bueller's Day Off)
95.5%
Captain Steve Hiller (Independence Day)
94.9%
Jack Sparrow (Pirates of the Caribbean: The Curse of the Black Pearl)
94.1%
Katniss Everdeen (The Hunger Games)
93.2%
Elizabeth Halsey (Bad Teacher)
93.1%
Shosanna Dreyfuss (Inglourious Basterds)
92.6%
Vito Corleone (The Godfather)
91%
Sherman Klump (The Nutty Professor)
89.8%
John 'Bluto' Blutarsky (Animal House)
88.7%
Mark Zuckerberg (The Social Network)
88.3%
% Correct
Michael Myers (Halloween)
88.1%
Ellis Boyd 'Red' Redding (The Shawshank Redemption)
87.7%
Rick O’Connell (The Mummy)
86.7%
Tony Stark (Iron Man)
81.1%
Fogell a.k.a. 'McLovin' (Superbad)
80.4%
James Carter (Rush Hour)
74.2%
Dalton Russell (Inside Man)
73.4%
Quint (Jaws)
71.2%
Stanley Goodspeed (The Rock)
54.7%
Steve the Pirate (Dodgeball: A True Underdog Story)
50.1%

You're not logged in!

Compare scores with friends on all Sporcle quizzes.
Join for Free
OR
Log In

You Might Also Like...

Show Comments

Extras

Top Quizzes Today


Score Distribution

Your Account Isn't Verified!

In order to create a playlist on Sporcle, you need to verify the email address you used during registration. Go to your Sporcle Settings to finish the process.

Report this User

Report this user for behavior that violates our Community Guidelines.

Details: